00576nam a2200205 a 4500001001300000003000900013005001700022008004100039020001000080082001500090100002900105245006400134260003700198300000900235500003500244505002100279650002800300650001300328700002900341nice12345678IN_TiNIC20260116013716.0050524s1991 newa grp 000 0 eng  ac25000a297.7bTAL aTalib, S Gurbachan Singh aMuslim League Attack on Sikhs and Hindus in the Punjab 1947 aNew DelhibVoice of India c1991 a453p aincludes index and biblioraphy2 aEnd Noted, Index aRiots-India-Punjab-1947 aHindutva1 aTalib, S Gurbachan Singh